000 00957nam a2200301 i 4500
003 EG-GICUC
005 20260212184327.0
008 260212s2001 be ||||fr|||| 000 0 fre d
020 _a2802714724
040 _aEG-GiCUC
_bfre
_cEG-GiCUC
_dEG-GiCUC
_eRda
082 0 4 _221
_a341.8
_bBA . A
092 0 4 _221
099 _aLaw1 12 341.8 BA . A 2001
100 1 _aBarnich, Laurent
_eAuteur
245 1 4 _aLes Actes Juridiques en Droit International Privé :
_bEssai De Méthode /
_cLaurent Barnich.
_n
264 1 _aBruxelles :
_bBruylant,
_c2001.
300 _a419page :
_billustration ;
_c 24 cm.
336 _2rda contenu
_a texte
337 _2rda medias
_aOrdinateur
338 _2 transporteur rda
_a Ressource en ligne
504 _a
546 _aTexte en français
650 1 4 _aDroit international privé
_2
651 1 _2
856 4 0 _uhttps://fll.law.cu.edu.eg/fulltext/bks/B12-02545.pdf
905 _a50
942 _2ddc
_cBK
_e21
_n0
999 _c62945
_d62945